Từ nối tiếng Anh ( Linking Words )

保存先:
書誌詳細
フォーマット: 図書
タグ: タグ追加
タグなし, このレコードへの初めてのタグを付けませんか!
Thư viện lưu trữ: Mạng thư viện Đại học Đà Nẵng
LEADER 00430nam a22001691a 4500
001 000038253
003 14548
005 20160412021247.0
008 160412s0 000
082 |a 4A(07)1871 
245 |a Từ nối tiếng Anh ( Linking Words )  |c Collins Cobuild 
OWN |a LNN 
999 |a From the UDN01 
TYP |a Monograph 
980 |a Mạng thư viện Đại học Đà Nẵng